Životný štýl ako segmentačná premenná

Prehľad štúdií orientovaných na životný štýl. Pojem a typológia VALS ( Values and Life Styles)

Salvato in:
Dettagli Bibliografici
Autore principale: Vokounová, Dana, 1962-
Natura: Capitolo di libro
Lingua:slovacco
Soggetti:
Tags: Aggiungi Tag
Nessun Tag, puoi essere il primo ad aggiungerne!!

MARC

LEADER 00000naa$a2200000$$$4500
001 0043134
005 20240502071518.8
041 0 |a slo 
044 |a SK 
245 1 0 |a Životný štýl ako segmentačná premenná  |c Dana Vokounová 
520 |a Prehľad štúdií orientovaných na životný štýl. Pojem a typológia VALS ( Values and Life Styles) 
610 2 0 |a štýl životný 
610 2 0 |a spotrebitelia 
610 2 0 |a typológia 
610 2 0 |a potreby spoločenské 
610 2 0 |a psychológia 
610 2 0 |a informácie obchodno-ekonomické 
100 1 |a Vokounová, Dana, 1962-